000 02175cab a22002775a 4500
001 L149795
008 100427e2009 xxk 00y 0 eng d
020 _a9781405728904
035 _a(Sirsi) u149795
041 0 _aeng
050 0 4 _a346.4104342 $2 18
110 2 _aLexisNexis
_95843
245 0 0 _aButterworths residential landlord and tenant handbook
250 _a5th ed.
260 _aLondon
_bButterworths
_c2009
300 _a xxii, 1864p.
_c25cm.
520 _aSupersedes fourth edition (ISBN: 9781405725415).
520 _aThe fifth edition of this book incorporates major legislative developments which have occurred since the previous edition. The handbook is an invaluable source of reference for those practitioners, in both the public and private sectors, who deal with such issues as leasehold enfranchisement, the right to buy (and the new right to acquire for tenants of registered social landlords), assured, secure and protected tenancies, disrepair and all other areas of residential landlord and tenant law. This title includes extensive amendments to the Housing Acts 1988 and 1985 in relation to security of tenure (by Part 3 of the Housing & Regeneration Act 2008); other amendments to the 1985 Act in relation to the right to buy and other landlord and tenant matters by the 2008 Act; amendments to the Leasehold Reform Act 1967 by the 2008 Act; and, amendments to the Landlord and Tenant Acts 1985 and 1987 by the 2008 Act in relation to service charges and leasehold management. Part I of the 2008 Act which introduces the Housing and Community Agency for the funding and promotion of new housing. Part 2 of the 2008 which introduces a new system for the regulation of housing (including local authority housing). It includes the homelessness provisions in the Housing Acts 1985 and the Homelessness Act 2002. It also features legislation relating to Mobile Homes and Caravans.
590 _aKA
650 2 4 _aHOUSING ACT 2004
650 2 4 _aCOMMONHOLD AND LEASEHOLD REFORM ACT 2002
651 4 _aUNITED KINGDOM
690 _aPROPERTY-RESIDENTIAL PROPERTY-RESIDENTIAL LANDLORD AND TENANT
700 1 _aDriscoll, James
942 _n0
999 _c110626
_d110626